[Event "XXIX Open"]
[Site "Benasque ESP"]
[Date "2009.07.04"]
[Round "2"]
[White "Castejon Caballero,A"]
[Black "Burmakin,V"]
[Result "0-1"]
[WhiteElo "2184"]
[BlackElo "2627"]
[EventDate "2009.07.03"]

1. e4 c6 2. d3 d5 3. Nd2 Nd7 4. Ngf3 Qc7 5. g3 Ngf6 6. Bg2 dxe4 7. dxe4 e5
8. O-O Bc5 9. a4 a5 10. Nb3 Bb6 11. Qe2 O-O 12. c4 Nc5 13. Nxc5 Bxc5 14.
Bg5 Nd7 15. Rad1 Bb4 16. Ne1 Nc5 17. Be3 Be6 18. Qc2 Rad8 19. Nd3 Nxd3 20.
Rxd3 Rxd3 21. Qxd3 Rd8 22. Qe2 Qd6 23. Bf3 Qd3 24. Qxd3 Rxd3 25. Be2 Rb3
26. Bc1 Bc5 27. Bd1 Rd3 28. Bc2 Rd6 29. b3 Bg4 30. Re1 Bf3 31. Be3 Bb4 32.
Rb1 h5 33. h3 f6 34. h4 Kf7 35. Kf1 Ke6 36. Kg1 Rd7 37. Kf1 Ke7 38. Kg1 Kd8
39. Kf1 Kc8 40. Kg1 Kc7 41. Kf1 Rd8 42. Kg1 b6 43. Ra1 Bd2 44. Bxd2 Rxd2
45. Rc1 Be2 46. c5 bxc5 47. Kg2 Kb6 48. Kg1 c4 49. bxc4 Kc5 0-1

[Event "XXIX Open"]
[Site "Benasque ESP"]
[Date "2009.07.04"]
[Round "2"]
[White "Laznicka,V"]
[Black "Villalta Bustillo,I"]
[Result "1-0"]
[WhiteElo "2617"]
[BlackElo "2185"]
[EventDate "2009.07.03"]

1. d4 d5 2. c4 e6 3. Nf3 c5 4. cxd5 exd5 5. Nc3 Nc6 6. Bf4 Nf6 7. e3 Be7 8.
Be2 O-O 9. O-O a6 10. dxc5 Bxc5 11. Rc1 Ba7 12. Ne5 Ne7 13. Qb3 b5 14. Rfd1
Be6 15. Qa3 Re8 16. Bf3 Qb6 17. Ne2 b4 18. Qa4 Rac8 19. Nd4 Rxc1 20. Rxc1
Rc8 21. Rd1 Nf5 22. Ndc6 Bd7 23. Nxd7 Qxc6 24. Nxf6+ gxf6 25. Qxc6 Rxc6 26.
Bxd5 Rc5 27. Bb3 1-0

[Event "XXIX Open"]
[Site "Benasque ESP"]
[Date "2009.07.04"]
[Round "2"]
[White "Kotronias,V"]
[Black "Estrada Martinez,C"]
[Result "1-0"]
[WhiteElo "2613"]
[BlackElo "2177"]
[EventDate "2009.07.03"]

1. e4 c5 2. Nf3 Nc6 3. d4 cxd4 4. Nxd4 Nf6 5. Nc3 d6 6. Bg5 Qa5 7. Bxf6
gxf6 8. Nb3 Qd8 9. Qh5 e6 10. O-O-O a6 11. f4 Qb6 12. Kb1 Qe3 13. g3 Bd7
14. Bh3 Be7 15. Rhe1 Qb6 16. f5 O-O 17. fxe6 fxe6 18. Nd5 Qd8 19. Nf4 Qc8
20. Nc5 f5 21. Nxd7 Qxd7 22. exf5 exf5 23. Ne6 Rf7 24. Bxf5 1-0

[Event "XXIX Open"]
[Site "Benasque ESP"]
[Date "2009.07.04"]
[Round "2"]
[White "Semprun Martinez,F"]
[Black "Edouard,R"]
[Result "0-1"]
[WhiteElo "2179"]
[BlackElo "2597"]
[EventDate "2009.07.03"]

1. e4 c5 2. Nf3 d6 3. d4 cxd4 4. Nxd4 Nf6 5. Nc3 Nc6 6. Bg5 e6 7. Qd2 a6 8.
O-O-O Bd7 9. f4 b5 10. Nxc6 Bxc6 11. Qe3 Be7 12. Bxf6 gxf6 13. Bd3 Qc7 14.
Kb1 Qa7 15. Rhe1 Qxe3 16. Rxe3 Bd8 17. a3 Bb6 18. Ree1 O-O-O 19. a4 Ba5 20.
axb5 axb5 21. Rf1 Bxc3 22. bxc3 Kc7 23. Kb2 Ra8 24. Ra1 Ra4 25. c4 Rxa1 26.
Rxa1 bxc4 27. Bxc4 Rb8+ 28. Kc3 Bxe4 29. g3 f5 30. Bb3 Bc6 31. Bc4 Be4 32.
Be2 Rb7 33. Ra8 Kd7 34. Rh8 Rc7+ 35. Kd4 Rxc2 36. Bb5+ Ke7 37. Rxh7 Kf8 38.
g4 Rb2 39. Ba6 Rb4+ 40. Kc3 Rb6 41. Be2 fxg4 0-1

[Event "XXIX Open"]
[Site "Benasque ESP"]
[Date "2009.07.04"]
[Round "2"]
[White "Andriasian,Z"]
[Black "Tejedor Ariza,F"]
[Result "1-0"]
[WhiteElo "2585"]
[BlackElo "2170"]
[EventDate "2009.07.03"]

1. e4 c5 2. Nf3 e6 3. d4 cxd4 4. Nxd4 Nf6 5. Nc3 Bb4 6. e5 Nd5 7. Bd2 Nxc3
8. bxc3 Be7 9. Qg4 g6 10. h4 Nc6 11. Nxc6 bxc6 12. h5 Qa5 13. Qg3 Ba6 14.
c4 Qc5 15. hxg6 fxg6 16. Bd3 O-O-O 17. O-O Qa3 18. Rab1 Kc7 19. Rb3 Qa4 20.
Qe3 Ra8 21. Rfb1 c5 22. Qe1 d6 23. Be4 dxe5 24. Ba5+ 1-0

[Event "XXIX Open"]
[Site "Benasque ESP"]
[Date "2009.07.04"]
[Round "2"]
[White "Lillo Ferrer,J"]
[Black "Marin,Mi"]
[Result "0-1"]
[WhiteElo "2171"]
[BlackElo "2583"]
[EventDate "2009.07.03"]

1. e4 Nf6 2. d3 d5 3. e5 Nfd7 4. f4 e6 5. Nf3 c5 6. c3 Nc6 7. Be2 Be7 8.
O-O O-O 9. d4 f5 10. Kh1 b6 11. c4 Nxd4 12. Nxd4 cxd4 13. Qxd4 Nc5 14. cxd5
exd5 15. Nc3 Bb7 16. Be3 Ne6 17. Qd2 Bb4 18. a3 Bxc3 19. bxc3 Qe7 20. Qb2
Bc6 21. Qb4 Qb7 22. Bf3 Rfd8 23. a4 Rd7 24. Kg1 Rad8 25. Rfd1 d4 26. Bxc6
Qxc6 27. cxd4 Nc7 28. Qb3+ Nd5 29. Rac1 Qe6 30. Rd3 Kf7 31. Bd2 Rc7 32. Kf2
Rxc1 33. Bxc1 Rc8 34. Bd2 g6 35. g3 Kg7 36. h3 h5 37. h4 Qc6 38. Kg1 a6 39.
Qa3 Rc7 40. Qb3 Qc4 41. Qa3 Qc2 42. e6 Qc6 43. e7 Rxe7 44. Rc3 Qe6 45. Rc1
Qe4 46. Qb2 Qf3 47. Be1 Re2 0-1

Mercantile Bank 35th Bangladesh National
----------------------------------------

[Event "35th ch-BAN Withdrawn"]
[Site "Dhaka BAN"]
[Date "2009.06.29"]
[Round "1"]
[White "Murshed,N"]
[Black "Mohammad,J"]
[Result "1/2-1/2"]
[WhiteElo "2407"]
[BlackElo "2207"]
[EventDate "2009.06.29"]

1. c4 Nf6 2. Nc3 e5 3. Nf3 Nc6 4. d3 d5 5. cxd5 Nxd5 6. g3 Be6 7. Bg2 Be7
8. O-O O-O 9. a3 Kh8 10. Bd2 f5 11. Rc1 Nb6 12. b4 a5 13. b5 Nd4 14. Nxd4
exd4 15. Na4 Bxa3 16. Ra1 Bd6 17. Bxb7 Ra7 18. Bc6 f4 19. Qc2 Qe7 20. Bg2
Bd5 21. Bf3 fxg3 22. Bh5 1/2-1/2

[Event "35th ch-BAN Withdrawn"]
[Site "Dhaka BAN"]
[Date "2009.06.30"]
[Round "2"]
[White "Rahman,Tai"]
[Black "Murshed,N"]
[Result "1-0"]
[WhiteElo "2325"]
[BlackElo "2407"]
[EventDate "2009.06.29"]

1. d4 d6 2. Nf3 Bg4 3. e4 Nf6 4. Nc3 e6 5. h3 Bh5 6. Qe2 c6 7. g4 Bg6 8. h4
h5 9. g5 Nfd7 10. Bg2 Be7 11. O-O Na6 12. Bf4 Nc7 13. Bg3 b5 14. Ne1 b4 15.
Nd1 Nb5 16. c3 Qb6 17. Nd3 O-O 18. Nxb4 Nxd4 19. Qd2 a5 20. Nd3 Nb5 21. Nf4
e5 22. Nd3 a4 23. Bh3 Nc5 24. Qe3 Qc7 25. Nxc5 dxc5 26. Qe2 a3 27. b3 Rad8
28. Bf5 Rfe8 29. Rc1 Bf8 30. Ne3 Bxf5 31. exf5 g6 32. Qc2 Kh7 33. Nc4 Bg7
34. Rfe1 gxf5 35. Qxf5+ Kg8 36. Nxe5 Rd5 37. f4 Bxe5 38. fxe5 Qd7 39. Qf4
Rd3 40. Re3 Rd2 41. g6 fxg6 42. e6 Qg7 43. Qf7+ 1-0

[Event "35th ch-BAN Withdrawn"]
[Site "Dhaka BAN"]
[Date "2009.07.01"]
[Round "3"]
[White "Murshed,N"]
[Black "Hasan Md,E"]
[Result "0-1"]
[WhiteElo "2407"]
[BlackElo "2135"]
[EventDate "2009.06.29"]

1. d4 Nf6 2. Nf3 g6 3. c4 Bg7 4. g3 O-O 5. Bg2 d6 6. O-O Nbd7 7. Nc3 c6 8.
b3 Rb8 9. a4 a6 10. Qd3 Ne8 11. Be3 Nc7 12. Ne1 e5 13. Rd1 Ne6 14. dxe5
Nxe5 15. Qc2 Ng4 16. Bd2 Nd4 17. Qb1 b5 18. axb5 axb5 19. cxb5 cxb5 20. b4
Re8 21. e3 Bf5 22. Qa2 Be6 23. Bd5 Nc6 24. Qb3 Qg5 25. Bxe6 Rxe6 26. Nd5
Qh5 27. h4 Nce5 28. Nf4 Qf5 29. f3 Rf6 30. e4 Qd7 31. fxg4 Qxg4 32. Neg2
Rc8 33. Rf2 h6 34. Rdf1 g5 35. Nd5 Rxf2 36. Rxf2 Ra8 37. Ne7+ Kh7 38. hxg5
Ra1+ 39. Rf1 Nf3+ 0-1

I Perugia International
-----------------------

[Event "5th Open"]
[Site "Sort ESP"]
[Date "2009.06.24"]
[Round "1"]
[White "Kulkarni,R"]
[Black "Burmakin,V"]
[Result "0-1"]
[WhiteElo "2166"]
[BlackElo "2605"]
[EventDate "2009.06.24"]

1. d4 c6 2. c4 Nf6 3. Nf3 d5 4. Nc3 a6 5. e3 g6 6. b3 Bg7 7. Bb2 O-O 8. Bd3
Bg4 9. Qc2 Bxf3 10. gxf3 c5 11. dxc5 Qa5 12. O-O-O dxc4 13. Bxc4 Qxc5 14.
Nb5 Qc6 15. Nd4 Qc8 16. a4 e5 17. Ne2 Nc6 18. Ba3 Re8 19. Kb1 b5 20. axb5
axb5 21. Bxb5 Rxa3 22. Bxc6 Qa6 23. Ba4 Rb8 24. Kc1 Ra1+ 25. Kd2 Rd8+ 26.
Nd4 Rxd1+ 27. Rxd1 exd4 28. Ke1 Nd5 0-1

[Event "5th Open"]
[Site "Sort ESP"]
[Date "2009.06.24"]
[Round "1"]
[White "Movsziszian,K"]
[Black "Meera,S"]
[Result "1-0"]
[WhiteElo "2556"]
[BlackElo "2155"]
[EventDate "2009.06.24"]

1. g3 d5 2. Bg2 e5 3. d3 Nc6 4. a3 Nf6 5. b4 a5 6. b5 Na7 7. Bb2 Bc5 8. Nf3
Nxb5 9. Nxe5 O-O 10. O-O Qe7 11. d4 Ba7 12. a4 Nd6 13. Nd2 Nfe4 14. e3 f6
15. Nd3 Bf5 16. Ba3 Rfe8 17. c4 Nxd2 18. Bxd5+ Be6 19. Qxd2 Bxd5 20. cxd5
Nc4 21. Qc3 Nxa3 22. Rxa3 Bb6 23. Rb3 Qe4 24. d6 Rec8 25. Rb5 Qe6 26. Nf4
Qxd6 27. Qb3+ Kf8 28. Ne6+ Ke7 29. Nxg7 Kf8 30. Ne6+ Ke7 31. Nf4 Rg8 32.
Nd5+ 1-0

[Event "5th Open"]
[Site "Sort ESP"]
[Date "2009.06.24"]
[Round "1"]
[White "Gagare,Shal"]
[Black "Teske,H"]
[Result "1/2-1/2"]
[WhiteElo "2117"]
[BlackElo "2523"]
[EventDate "2009.06.24"]

1. c4 Nf6 2. g3 e5 3. Bg2 c6 4. Nc3 d5 5. cxd5 cxd5 6. d4 exd4 7. Qxd4 Nc6
8. Qd1 d4 9. Ne4 Nxe4 10. Bxe4 Bb4+ 11. Bd2 O-O 12. Nf3 Qe7 13. Bxc6 bxc6
14. Bxb4 Qxb4+ 15. Qd2 Rb8 16. b3 c5 17. Qxb4 Rxb4 18. Kd2 Bb7 19. Rhc1
Bxf3 20. exf3 Rc8 21. Kd3 Kf8 22. Rab1 Ke7 23. a3 Rb5 24. b4 Rcb8 25. Ra1
Kd6 26. Rc4 g5 27. bxc5+ Rxc5 28. Rxd4+ Kc6 29. Rb4 Rd8+ 30. Rd4 Rb8 31.
Rb4 Rd8+ 32. Rd4 Rxd4+ 33. Kxd4 Rc2 34. Ke3 a5 35. Rd1 Ra2 36. Rd3 Kc5 37.
f4 gxf4+ 38. gxf4 f5 39. Kf3 a4 40. Re3 Kd4 41. h4 Ra1 42. Kg2 Ra2 43. h5
h6 44. Re6 Rxa3 45. Rxh6 Ke4 46. Ra6 Kxf4 47. h6 Rd3 48. Rxa4+ Kg5 49. h7
Rd8 50. Ra3 Rh8 51. Rh3 Kg6 52. Kf3 Rxh7 53. Rxh7 Kxh7 54. Kf4 Kg6 55. Ke5
Kg5 56. f3 f4 1/2-1/2

[Event "5th Open"]
[Site "Sort ESP"]
[Date "2009.06.24"]
[Round "1"]
[White "Bharathi,R"]
[Black "Barsov,A"]
[Result "0-1"]
[WhiteElo "2081"]
[BlackElo "2505"]
[EventDate "2009.06.24"]

1. e4 e6 2. d4 d5 3. Nd2 c5 4. exd5 Qxd5 5. Ngf3 cxd4 6. Bc4 Qd6 7. O-O Nf6
8. Nb3 Nc6 9. Nbxd4 Nxd4 10. Nxd4 a6 11. Be3 Qc7 12. Bb3 Bd6 13. h3 b6 14.
Ba4+ b5 15. Bb3 Bb7 16. c4 bxc4 17. Rc1 Bd5 18. Bxc4 Bxc4 19. Qa4+ Qd7 20.
Qxc4 Nd5 21. Nf5 exf5 22. Rfd1 Nxe3 23. fxe3 O-O 24. Qd4 Rad8 25. Rc3 Qb5
0-1

[Event "5th Open"]
[Site "Sort ESP"]
[Date "2009.06.24"]
[Round "1"]
[White "Colovic,A"]
[Black "Devangi,P"]
[Result "1-0"]
[WhiteElo "2443"]
[BlackElo "2078"]
[EventDate "2009.06.24"]

1. d4 Nf6 2. c4 e6 3. Nc3 Bb4 4. e3 O-O 5. Nge2 d5 6. a3 Bxc3+ 7. Nxc3 b6
8. b4 dxc4 9. Bxc4 Bb7 10. O-O c5 11. dxc5 Qc8 12. Qe2 bxc5 13. b5 a6 14.
Bb2 Nbd7 15. a4 Ne5 16. Ba2 Rd8 17. Rfd1 Rxd1+ 18. Rxd1 axb5 19. Nxb5 Ned7
20. Nd6 Qc6 21. Nxb7 Qxb7 22. Bc4 Nd5 23. Bb5 N7b6 24. e4 Nf4 25. Qd2 Ng6
26. a5 Nc8 27. Qc3 f6 28. Rd8+ Nf8 29. Qxc5 1-0

[Event "5th Open"]
[Site "Sort ESP"]
[Date "2009.06.24"]
[Round "1"]
[White "Anuprita,P"]
[Black "Kohlweyer,B"]
[Result "0-1"]
[WhiteElo "2065"]
[BlackElo "2435"]
[EventDate "2009.06.24"]

1. d4 Nf6 2. Nf3 e6 3. Bf4 c5 4. c3 b6 5. e3 Bb7 6. h3 Be7 7. Bd3 O-O 8.
O-O d6 9. Qe2 cxd4 10. exd4 Nbd7 11. Nbd2 Re8 12. Ne4 Nxe4 13. Bxe4 Bxe4
14. Qxe4 Qc7 15. Bg5 Bf8 16. Rfe1 Rac8 17. Qd3 d5 18. Ne5 Nxe5 19. dxe5 Qc4
20. Qxc4 Rxc4 21. Be3 Rec8 22. f4 Bc5 23. Bxc5 R8xc5 24. g3 h5 25. Re2 h4
26. Rf1 hxg3 27. Kg2 b5 28. Kxg3 a5 29. f5 b4 30. fxe6 fxe6 31. cxb4 axb4
32. Rf4 Rxf4 33. Kxf4 Rc1 34. Re3 Kf7 35. Rb3 Rc4+ 36. Kg5 Re4 37. Rf3+ Ke7
38. Rf4 Rxe5+ 39. Kg4 b3 40. axb3 Re2 41. Rb4 Rxb2 42. Rb7+ Kf6 43. b4 g6
44. b5 Rb4+ 45. Kf3 Kf5 46. Rf7+ Ke5 47. Rg7 Rxb5 48. Rxg6 Kf5 49. Rg8 Rb3+
50. Kg2 e5 51. h4 Rb6 52. Kf3 e4+ 53. Ke3 Rb3+ 54. Ke2 Ke5 55. h5 Rh3 56.
Rh8 Rh2+ 57. Ke1 Kd4 58. h6 Ke3 59. Kd1 d4 60. h7 d3 61. Kc1 Rc2+ 62. Kd1
Rc7 0-1

[Event "5th Open"]
[Site "Sort ESP"]
[Date "2009.06.24"]
[Round "1"]
[White "Pujari,R"]
[Black "Pogorelov,R"]
[Result "0-1"]
[WhiteElo "2043"]
[BlackElo "2420"]
[EventDate "2009.06.24"]

1. e4 c5 2. Nc3 Nc6 3. f4 g6 4. Nf3 Bg7 5. Bb5 Nd4 6. O-O Nxb5 7. Nxb5 a6
8. Nc3 b5 9. d3 Bb7 10. Qe1 f5 11. Bd2 e6 12. Qf2 Rc8 13. exf5 gxf5 14. Be3
Nf6 15. h3 Qc7 16. Rad1 O-O 17. Ne2 Kh8 18. Qh4 Qd8 19. c3 Qe8 20. Kh2 Rg8
21. Neg1 Qg6 22. g4 fxg4 23. Ng5 g3+ 24. Kxg3 h6 25. Kh2 Nh7 26. N5f3 Bxc3
27. Qf2 Bf6 28. Ne2 Bxf3 29. Qxf3 Bxb2 30. Rg1 Qf7 31. Ng3 d5 32. Qf2 Bf6
33. Bxc5 Rg7 34. Ne2 Rcg8 35. Bd4 Rxg1 36. Rxg1 Rxg1 37. Qxg1 Qg7 38. Bxf6
Qxf6 39. Qe3 Nf8 40. Nd4 Kg8 41. Kg2 Kf7 42. Nf3 Ng6 43. Ne5+ Nxe5 44. fxe5
Qg5+ 45. Kf3 Qxe3+ 46. Kxe3 Kg6 47. d4 Kf5 48. Kd3 Kf4 49. Kc3 a5 50. a3
Ke3 51. h4 h5 0-1

[Event "5th Open"]
[Site "Sort ESP"]
[Date "2009.06.24"]
[Round "1"]
[White "Priyadharshan,K"]
[Black "Aranzana Areste,A"]
[Result "1-0"]
[WhiteElo "2411"]
[BlackElo "2022"]
[EventDate "2009.06.24"]

1. Nf3 d5 2. e3 Bg4 3. d4 e6 4. Nbd2 Nf6 5. c4 Bxf3 6. Nxf3 c6 7. Bd3 Nbd7
8. b3 Bd6 9. Bb2 Bb4+ 10. Nd2 Qa5 11. a3 Bxd2+ 12. Qxd2 Qxd2+ 13. Kxd2 O-O
14. f3 Rad8 15. cxd5 Nxd5 16. Rhc1 Rfe8 17. g3 e5 18. e4 N5f6 19. Ke3 exd4+
20. Bxd4 Ne5 21. Be2 a6 22. Rd1 Ned7 23. Kf2 c5 24. Be3 Rc8 25. Rac1 h6 26.
h4 Rc6 27. g4 Nf8 28. Rxc5 Rxc5 29. Bxc5 Ne6 30. Be3 Rd8 31. Rc1 Kf8 32. b4
Ke7 33. a4 Rd7 34. b5 axb5 35. Bxb5 Rc7 36. Rxc7+ Nxc7 37. Bc5+ Kd8 38. Bc4
Ne6 39. Ba3 Nd7 40. Bb2 Ndc5 41. a5 Kd7 42. Ke3 g5 43. h5 Kd8 44. Bd5 Kd7
45. Be5 Ke7 46. Bb8 Ke8 47. Bd6 f6 48. Bxc5 Nxc5 49. Kd4 Nd7 50. Bxb7 Kd8
51. a6 Kc7 52. Kd5 Ne5 53. Ke6 Nxf3 54. Kxf6 Nh2 55. Kf5 1-0

[Event "5th Open"]
[Site "Sort ESP"]
[Date "2009.06.24"]
[Round "1"]
[White "Debashis,D"]
[Black "Beltre,P"]
[Result "1-0"]
[WhiteElo "2352"]
[BlackElo "1967"]
[EventDate "2009.06.24"]

1. e4 c5 2. Nf3 e6 3. d4 cxd4 4. Nxd4 a6 5. Bd3 Qc7 6. O-O Nf6 7. Qe2 Be7
8. c4 d6 9. Nc3 Nbd7 10. b3 O-O 11. Bb2 Re8 12. Rad1 b6 13. Bb1 Bb7 14. f4
Rad8 15. Kh1 Bf8 16. Nf3 Bc6 17. Rde1 g6 18. e5 Nh5 19. Ng5 Bh6 20. Nce4
Bxe4 21. Nxe4 Nxf4 22. exd6 Qc6 23. Qf3 Qa8 24. g3 f5 25. gxf4 fxe4 26.
Bxe4 Qb8 27. Qc3 Kf7 28. f5 gxf5 29. Rxf5+ exf5 30. Bd5+ Kg6 31. Rg1+ Bg5
32. Qg7+ 1-0

[Event "5th Open"]
[Site "Sort ESP"]
[Date "2009.06.24"]
[Round "1"]
[White "Shristi,J"]
[Black "Udeshi,A"]
[Result "0-1"]
[WhiteElo "1949"]
[BlackElo "2281"]
[EventDate "2009.06.24"]

1. e4 c5 2. Nf3 d6 3. d4 cxd4 4. Nxd4 Nf6 5. Nc3 a6 6. h3 e5 7. Nde2 Be7 8.
g4 b5 9. Ng3 g6 10. Bh6 Bb7 11. Bg2 b4 12. Nce2 Nc6 13. Qd2 Qb6 14. Bg7 Rg8
15. Bxf6 Bxf6 16. Qxd6 Bg5 17. Qd3 Rd8 18. Qf3 Bd2+ 19. Kf1 Ke7 20. Kg1 Rd6
21. Nf1 Rgd8 22. h4 Rf6 23. Qg3 Bf4 24. Nxf4 exf4 25. Qh2 Nd4 26. Qh3 f3
27. g5 Rf4 28. Ng3 fxg2 29. Kxg2 Nxc2 0-1

[Event "5th Open"]
[Site "Sort ESP"]
[Date "2009.06.24"]
[Round "1"]
[White "Pham Guerrero,S"]
[Black "Mentink,T"]
[Result "1-0"]
[WhiteElo "2212"]
[BlackElo "1888"]
[EventDate "2009.06.24"]

1. e4 d5 2. exd5 Nf6 3. d4 Nxd5 4. c4 Nb4 5. Qa4+ N8c6 6. a3 Na6 7. d5 Nc5
8. Qb5 e5 9. dxc6 b6 10. Be3 a6 11. Bxc5 axb5 12. Bxf8 Kxf8 13. cxb5 Be6
14. Nc3 f5 15. Nf3 Qf6 16. O-O-O Kf7 17. Nd5 Bxd5 18. Rxd5 Rhe8 19. Bc4 Kf8
20. Rhd1 e4 21. Nd4 Re5 22. Rxe5 Qxe5 23. Ne6+ Ke8 24. Rd7 e3 25. Nxc7+
Qxc7 26. Rxc7 exf2 27. Rxg7 Ra4 28. b4 Rxa3 29. Kb2 Re3 30. c7 Kf8 31. Rf7+
1-0

[Event "5th Open"]
[Site "Sort ESP"]
[Date "2009.06.25"]
[Round "2"]
[White "Burmakin,V"]
[Black "Kulkarni,C"]
[Result "1/2-1/2"]
[WhiteElo "2605"]
[BlackElo "2257"]
[EventDate "2009.06.24"]

1. d4 Nf6 2. Nf3 g6 3. Bf4 Bg7 4. e3 O-O 5. Be2 d6 6. h3 c5 7. c3 b6 8. O-O
Bb7 9. a4 a6 10. Nbd2 Nbd7 11. Bh2 Rc8 12. Qb3 Qc7 13. Rfd1 Qb8 14. c4 cxd4
15. Nxd4 Qa8 16. Bf3 Ne4 17. Qa2 Ne5 18. Bxe4 Bxe4 19. Nxe4 Qxe4 20. b3 Nc6
21. Nxc6 Rxc6 22. Qb1 Qxb1 23. Raxb1 b5 24. axb5 axb5 25. cxb5 Rc5 26. Bg3
Rxb5 27. f3 Rc8 28. Be1 Bc3 29. Rdc1 Rbc5 30. Bf2 Bb4 31. Rxc5 Rxc5 32. e4
Rc2 33. Kf1 f6 34. f4 Kf7 35. f5 gxf5 36. exf5 d5 37. Be1 1/2-1/2

[Event "5th Open"]
[Site "Sort ESP"]
[Date "2009.06.25"]
[Round "2"]
[White "Barsov,A"]
[Black "Pham Guerrero,S"]
[Result "1-0"]
[WhiteElo "2505"]
[BlackElo "2212"]
[EventDate "2009.06.24"]

1. d4 Nf6 2. Nf3 g6 3. c4 Bg7 4. g3 O-O 5. Bg2 d6 6. O-O Nc6 7. Nc3 Bf5 8.
Ne1 a6 9. e4 Bg4 10. f3 Bd7 11. Nc2 Rb8 12. Bg5 b5 13. cxb5 axb5 14. b4 e5
15. dxe5 Nxe5 16. f4 Bg4 17. fxe5 Bxd1 18. Raxd1 h6 19. Bxf6 Bxf6 20. exf6
Qc8 21. Nd5 Qa6 22. a3 Kh7 23. Rf2 c5 24. h4 h5 25. Kh2 Qa4 26. Rd3 Rfe8
27. Ne1 Qa7 28. Rfd2 c4 29. Rc3 Kh8 30. Ne7 Rxe7 31. fxe7 Qxe7 32. Nc2 g5
33. Rd5 Qf6 34. Rf3 Qb2 35. Rf2 gxh4 36. gxh4 Kg7 37. Rg5+ Kh6 38. Bf3 f6
39. Rxh5+ Kg6 40. Rg2+ Kf7 41. Rh7+ Ke6 42. Rh5 Qc3 43. Rd5 Rh8 44. h5 Kf7
45. Rf2 1-0

[Event "5th Open"]
[Site "Sort ESP"]
[Date "2009.06.25"]
[Round "2"]
[White "Fenil,S"]
[Black "Colovic,A"]
[Result "0-1"]
[WhiteElo "2247"]
[BlackElo "2443"]
[EventDate "2009.06.24"]

1. e4 c5 2. Nf3 d6 3. d4 cxd4 4. Nxd4 Nf6 5. Nc3 e6 6. Be3 Nc6 7. Be2 Be7
8. O-O O-O 9. f4 a6 10. Qe1 Nxd4 11. Bxd4 b5 12. a3 Bd7 13. Qg3 Bc6 14. Bd3
Nh5 15. Qg4 Nf6 16. Qh3 Nd7 17. Nd5 Bh4 18. Nc7 Qxc7 19. Qxh4 e5 20. fxe5
dxe5 21. Be3 f6 22. c4 Rfd8 23. Rac1 Qb7 24. Rfd1 Nf8 25. c5 Rd7 26. Bb1
Rad8 27. Rf1 b4 28. axb4 Qxb4 29. Ba2+ Kh8 30. Rxf6 Ng6 31. Rcf1 Rd1 32.
Qg4 Re1 33. Rd6 Rxf1+ 34. Kxf1 Rf8+ 35. Qf5 Qxe4 36. Qf2 Rxf2+ 37. Bxf2
Qxg2+ 38. Ke1 Qe4+ 39. Kd2 h5 40. Be3 Nf4 41. Rd8+ Kh7 42. Bg8+ Kg6 43. h4
Qb4+ 0-1

[Event "5th Open"]
[Site "Sort ESP"]
[Date "2009.06.25"]
[Round "2"]
[White "Deshpande,Ani"]
[Black "Roeder,M"]
[Result "1/2-1/2"]
[WhiteElo "2211"]
[BlackElo "2426"]
[EventDate "2009.06.24"]

1. e4 c5 2. Nf3 d6 3. d4 cxd4 4. Qxd4 a6 5. c4 Nc6 6. Qd2 g6 7. Nc3 Bh6 8.
Qc2 Bg7 9. Be2 Nf6 10. O-O Bg4 11. Be3 Nd7 12. Rad1 Bxf3 13. Bxf3 Rc8 14.
Be2 Qa5 15. Qb3 Nc5 16. Bxc5 dxc5 17. Qxb7 O-O 18. Nd5 e6 19. Bg4 Kh8 20.
Nb6 Rb8 21. Qxc6 Rxb6 22. Qc7 Rb5 23. Rd7 Qxc7 24. Rxc7 Rxb2 25. Rxc5 Bd4
26. Ra5 Rc8 27. Rxa6 Rxc4 28. g3 Rcc2 29. Kg2 f5 30. exf5 exf5 31. Bd1
Rxf2+ 32. Rxf2 Rxf2+ 33. Kh3 Rd2 34. Bb3 Bg1 35. g4 Rxh2+ 36. Kg3 fxg4 37.
Kxg4 Kg7 38. Rc6 h5+ 39. Kf4 Rg2 40. Bc2 Rg4+ 41. Kf3 g5 42. Rg6+ Kf7 43.
Rh6 Rf4+ 44. Kg2 Bd4 45. Bb3+ Kg7 46. Rxh5 Kg6 47. Rh1 Rf2+ 48. Kg3 Rb2 49.
Rd1 Be5+ 50. Kg4 Rf2 51. Rc1 Rf4+ 52. Kh3 g4+ 53. Kg2 Kg5 54. Rc5 Re4 55.
Rc2 Re3 56. Be6 Bf4 57. Bd5 Kh4 58. a4 Re1 59. Kf2 Rd1 60. Bc6 Ra1 61. Ke2
Ra3 62. Rc4 Kg3 63. Rd4 Re3+ 64. Kd1 Rc3 65. Bb7 Rc7 66. Ba8 Bg5 67. Ke2
Kh3 68. Bd5 g3 69. Rd1 Rc2+ 70. Kd3 Rc7 71. Rh1+ Kg4 72. Ra1 Bf6 73. Ra2
Kf4 74. a5 Rc3+ 75. Ke2 Bd4 1/2-1/2

[Event "5th Open"]
[Site "Sort ESP"]
[Date "2009.06.25"]
[Round "2"]
[White "Pogorelov,R"]
[Black "Saranya,J"]
[Result "1-0"]
[WhiteElo "2420"]
[BlackElo "1981"]
[EventDate "2009.06.24"]

1. Nf3 d6 2. d4 g6 3. c4 Bg7 4. e4 Nf6 5. Nc3 O-O 6. Be2 Nbd7 7. O-O c5 8.
d5 Nb6 9. h3 e5 10. Bg5 h6 11. Be3 Ne8 12. Qd2 Kh7 13. Nh2 f5 14. exf5 gxf5
15. f4 e4 16. Kh1 Rg8 17. Rg1 Bh8 18. g3 Bd7 19. b3 Qf6 20. Rac1 Nc7 21. g4
Qh4 22. gxf5 Qxh3 23. Nxe4 Rae8 24. Bd3 Nc8 25. f6 Bf5 26. f7 Rxg1+ 27.
Rxg1 Rf8 28. Rg3 Qh5 29. Ng5+ Kg6 30. Bxf5+ Kxf5 31. Nh7 1-0

[Event "5th Open"]
[Site "Sort ESP"]
[Date "2009.06.25"]
[Round "2"]
[White "Fandino Reyes,R"]
[Black "Priyadharshan,K"]
[Result "0-1"]
[WhiteElo "2185"]
[BlackElo "2411"]
[EventDate "2009.06.24"]

1. e4 c5 2. Nf3 Nc6 3. Bb5 d6 4. O-O Bd7 5. Re1 Nf6 6. c3 a6 7. Bxc6 Bxc6
8. d4 Bxe4 9. Bg5 Bd5 10. Bxf6 gxf6 11. dxc5 dxc5 12. Qe2 Qc7 13. c4 Bc6
14. Nc3 O-O-O 15. Rad1 e6 16. Rxd8+ Qxd8 17. Ne4 Be7 18. Qe3 Qb6 19. b3 Qa5
20. a4 h6 21. h3 Qc7 22. Rd1 Rd8 23. Rxd8+ Qxd8 24. Ned2 Bf8 25. Qe2 Bg7
26. Qe3 Qd6 27. Qc3 Kd7 28. Kh1 Ke7 29. Kg1 Kf8 30. Kh1 f5 31. Qe3 a5 32.
Ne1 Qd4 33. Nef3 Qd6 34. Ne1 b6 35. Kg1 Kg8 36. Kh1 Kh7 37. Nef3 Bf6 38.
Kg1 e5 39. Nf1 e4 40. Ne1 f4 41. Qe2 Bd4 42. Nc2 Qg6 43. Qg4 Qxg4 44. hxg4
Kg6 45. g3 Kg5 46. gxf4+ Kxg4 47. f5 Kxf5 48. Nce3+ Kf4 49. Kg2 f5 50. Kg1
Ke5 51. Kh2 h5 52. Nd1 f4 53. Kh3 Bd7+ 54. Kh4 Bg4 55. Nde3 fxe3 56. fxe3
Bc3 57. Nh2 Bd1 0-1

[Event "5th Open"]
[Site "Sort ESP"]
[Date "2009.06.25"]
[Round "2"]
[White "Abhishek,K"]
[Black "Debashis,D"]
[Result "1/2-1/2"]
[WhiteElo "2178"]
[BlackElo "2352"]
[EventDate "2009.06.24"]

1. e4 c5 2. Nf3 e6 3. d4 cxd4 4. Nxd4 a6 5. Bd3 Bc5 6. Nb3 Be7 7. O-O d6 8.
Nc3 Nd7 9. f4 Ngf6 10. Qf3 Qc7 11. g4 h6 12. Qh3 g6 13. Be3 Rh7 14. Rae1 b5
15. Bd4 e5 16. fxe5 dxe5 17. Qg3 Bb7 18. Nd5 Nxd5 19. exd5 Bd6 20. Qg2
1/2-1/2

[Event "5th Open"]
[Site "Sort ESP"]
[Date "2009.06.25"]
[Round "2"]
[White "Meera,S"]
[Black "Gagare,Shal"]
[Result "0-1"]
[WhiteElo "2155"]
[BlackElo "2117"]
[EventDate "2009.06.24"]

1. e4 c6 2. d4 d5 3. exd5 cxd5 4. c4 Nf6 5. Nc3 e6 6. Nf3 dxc4 7. Bxc4 Be7
8. O-O O-O 9. a3 a6 10. Qd3 b5 11. Bb3 Bb7 12. Rd1 Nbd7 13. Bc2 Nb6 14. Bg5
g6 15. Bh6 Re8 16. Ne5 Nbd5 17. Ne2 Rc8 18. h4 Nb6 19. f3 Nc4 20. Nxc4 bxc4
21. Qd2 Qb6 22. Be3 Nd5 23. Bf2 Qc7 24. Bg3 Bd6 25. Bxd6 Qxd6 26. h5 e5 27.
hxg6 hxg6 28. Be4 Qb6 29. Qh6 Ne7 30. Ng3 Bxe4 31. fxe4 exd4 32. Rf1 d3+
33. Kh2 Qd4 34. Rf4 Qh8 35. Qxh8+ Kxh8 36. Rxf7 Kg8 37. Raf1 Nf5 38. Ra7
Nxg3 39. Kxg3 Rf8 40. Rxf8+ Rxf8 41. Rd7 Rb8 42. Rd4 Rb3 43. Kh2 Rxb2 44.
Rxc4 Ra2 45. Rc6 Rxa3 46. Rxg6+ Kf7 47. Rd6 a5 48. Kg3 a4 49. Rd4 d2+ 50.
Kf2 Ra2 51. Ke3 a3 52. Rd3 Rb2 53. Ke2 a2 0-1

[Event "5th Open"]
[Site "Sort ESP"]
[Date "2009.06.25"]
[Round "2"]
[White "Mentink,T"]
[Black "Bharathi,R"]
[Result "1/2-1/2"]
[WhiteElo "1888"]
[BlackElo "2081"]
[EventDate "2009.06.24"]

1. Nf3 d5 2. b3 c5 3. e3 Nc6 4. Bb5 Nf6 5. Bb2 e6 6. Ne5 Qc7 7. O-O Bd6 8.
Bxc6+ bxc6 9. f4 O-O 10. Rf3 Nd7 11. Rh3 Bxe5 12. Bxe5 Nxe5 13. Qh5 h6 14.
fxe5 f6 15. exf6 Rxf6 16. Nc3 Ba6 17. Ne2 Raf8 18. d3 Rf5 19. Qg4 Qe5 20.
Re1 Qf6 21. Ng3 Rf2 22. Qd1 Qb2 23. Re2 Rxe2 24. Nxe2 c4 25. dxc4 dxc4 26.
Rf3 Rxf3 27. gxf3 Qxa2 28. Nd4 cxb3 29. cxb3 e5 30. Nxc6 Be2 31. Qd5+ Kh8
32. Nxe5 Qb1+ 33. Kg2 Qf1+ 34. Kg3 Qg1+ 35. Kf4 Qxh2+ 36. Kf5 Qh5+ 37. Ke6
Qe8+ 38. Kf5 Qh5+ 39. Ke6 Qe8+ 40. Kf5 Qh5+ 1/2-1/2